Hershey : (Record no. 110536)

MARC details
000 -LEADER
campo de control de longitud fija 01697cam a2200373Ia 4500
001 - NÚMERO DE CONTROL
campo de control 51361
005 - FECHA Y HORA DE LA ÚLTIMA TRANSACCIÓN
campo de control 20230411090006.0
008 - DATOS DE LONGITUD FIJA--INFORMACIÓN GENERAL
campo de control de longitud fija 070109r20072006nyua b 001 0beng d
035 ## - NÚMERO DE CONTROL DEL SISTEMA
Número de control de sistema (OCoLC)ocm77562817
040 ## - FUENTE DE CATALOGACIÓN
Centro catalogador/agencia de origen BKL
Centro/agencia transcriptor BKL
Centro/agencia modificador BAKER
-- YDXCP
-- EUF
-- BTCTA
020 ## - NÚMERO INTERNACIONAL ESTÁNDAR DEL LIBRO
Número Internacional Estándar del Libro 074326410X (pbk.) :
Condiciones de disponibilidad $15.00
020 ## - NÚMERO INTERNACIONAL ESTÁNDAR DEL LIBRO
Número Internacional Estándar del Libro 9780743264105 (pbk.) :
Condiciones de disponibilidad $15.00
029 1# - OTRO NÚMERO DE CONTROL DE SISTEMA (OCLC)
Identificador de la biblioteca OCLC YDXCP
Número de control de sistema 2423714
035 ## - NÚMERO DE CONTROL DEL SISTEMA
Número de control de sistema (OCoLC)77562817
090 ## - LOCALMENTE ASIGNADO TIPO-LC NÚMERO DE CLASIFICACIÓN (OCLC); NÚMERO DE CLASIFICACIÓN LOCAL (RLIN)
Número de clasificación (OCLC) (R) ; Numero de clasificación, CALL (RLIN) (NR) HD9200.U52
Número cutter local (OCLC) ; Número de libro/Signatura topográfica íntegra, CALL (RLIN) H4715 2007
049 ## - FONDOS LOCALES (OCLC)
Biblioteca depositaria GRAL
100 1# - ENTRADA PRINCIPAL--NOMBRE DE PERSONA
Nombre de persona D'Antonio, Michael.
245 10 - MENCIÓN DEL TÍTULO
Título Hershey :
Resto del título Milton S. Hershey's extraordinary life of wealth, empire, and utopian dreams /
Mención de responsabilidad, etc. Michael D'Antonio.
250 ## - MENCION DE EDICION
Mención de edición 1st Simon & Schuster pbk ed.
260 ## - PUBLICACIÓN, DISTRIBUCIÓN, ETC.
Lugar de publicación, distribución, etc. New York :
Nombre del editor, distribuidor, etc. Simon & Schuster Paperbacks,
Fecha de publicación, distribución, etc. 2007.
300 ## - DESCRIPCIÓN FÍSICA
Extensión 305 p. :
Otras características físicas ill. ;
Dimensiones 24 cm.
500 ## - NOTA GENERAL
Nota general Originally published: 2006.
504 ## - NOTA DE BIBLIOGRAFÍA, ETC.
Nota de bibliografía, etc. Includes bibliographical references (p. [269]-288) and index.
505 0# - NOTA DE CONTENIDO CON FORMATO
Nota de contenido con formato The oak and the vine -- Heroic boys and men of industry -- Wandering -- Edible mud -- Catherine -- Ego, eccentricity, and screwballs -- "Here there will be no unhappiness" -- Beneficent jove -- A third life -- A betting man -- The end of innocence -- Something like a god -- The legacy -- What would Milton Do?
600 10 - PUNTO DE ACCESO ADICIONAL DE MATERIA--NOMBRE DE PERSONA
Nombre de persona Hershey, Milton Snavely,
Fechas asociadas al nombre 1857-1945.
650 #0 - PUNTO DE ACCESO ADICIONAL DE MATERIA--TÉRMINO DE MATERIA
Término de materia o nombre geográfico como elemento de entrada Chocolate industry
Subdivisión geográfica United States
Subdivisión general History
Subdivisión cronológica 20th century.
610 20 - PUNTO DE ACCESO ADICIONAL DE MATERIA--NOMBRE DE ENTIDAD CORPORATIVA
Nombre de entidad corporativa o nombre de jurisdicción como elemento de entrada Hershey Chocolate Corporation
Subdivisión general History.
650 #0 - PUNTO DE ACCESO ADICIONAL DE MATERIA--TÉRMINO DE MATERIA
Término de materia o nombre geográfico como elemento de entrada Businesspeople
Subdivisión geográfica United States
Subdivisión de forma Biography.
938 ## -
-- Baker & Taylor
-- BKTY
-- 15.00
-- 11.25
-- 074326410X
-- 0006797580
-- active
938 ## -
-- YBP Library Services
-- YANK
-- 2423714
938 ## -
-- Baker and Taylor
-- BTCP
-- BK0006797580
942 ## - ELEMENTOS DE ENTRADA SECUNDARIOS (KOHA)
Fuente del sistema de clasificación o colocación Clasificación de Library of Congress
Tipo de ítem Koha
994 ## -
-- C0
-- DRFGD
Holdings
Estatus retirado Estado de pérdida Fuente del sistema de clasificación o colocación Estado de daño No para préstamo Colección Biblioteca de origen Biblioteca actual Ubicación en estantería Fecha de adquisición Código de barras Visto por última vez Copia número Tipo de ítem Koha
    Clasificación de Library of Congress     Automatización y Procesos Técnicos Biblioteca Juan Bosch Biblioteca Juan Bosch Automatización y Procesos Técnicos (1er. Piso) 11/04/2023 00000053119 17/02/2019 1